| 000 | 01492nam a2200229Ia 4500 | ||
|---|---|---|---|
| 001 | a1663-42129 | ||
| 003 | IT-MiCISF | ||
| 005 | 20230307151826.0 | ||
| 008 | 161014s9999||||xx |||||||||||||| ||und|| | ||
| 040 |
_aIT-MiCISF _cIT-MiCISF |
||
| 041 | _ait | ||
| 100 |
_aBartolucci Rossella, Marabelli Fara _959641 |
||
| 245 | 0 |
_aVolando con le cicogne. _bConsigli per aiutarle a sceglierci. Storie di coppie infertili, prima e dopo la nuova legge |
|
| 260 |
_bEditrice Mammeonline, _c2004, _aFoggia |
||
| 300 | _app. 285 | ||
| 500 | _a / procreazione-artificiale, coppia, esperienze, sterilità, indirizzi / | ||
| 520 | _aNel volume si racconta il cammino da percorrere quando si affronta la fecondazione assistita. Prima, durante e dopo sono i passaggi che si devono affrontare, dalla scoperta di una difficoltà a concepire, agli esami da fare, alle terapie e possibili soluzioni. Un capitolo è dedicato alla nuova legge sulla fecondazione assistita, e cosa succederà secondo gli AA. con la sua approvazione. Per chi vuole andare all'estero, viene fornito un elenco di centri dove è possibile sottoporsi a fecondazione assistita, con i contatti e i siti internet, e con un occhio alle normative in vigore. Il filo che lega tutto il libro è rappresentato dalle storie delle coppie alle prese con la fecondazione assistita, alcune con il lieto fine, altre con il finale ancora aperto. | ||
| 650 |
_a procreazione _e001 _956309 |
||
| 654 | _asaggio | ||
| 942 |
_cBK _2ddc |
||
| 999 |
_c217547 _d217547 |
||
| 999 | _bsi | ||